[Event "Polgar Challenge 2021"]
[Site "Online"]
[Date "2021.04.04"]
[Round "6.4"]
[White "Abdusattorov, Nodirbek"]
[Black "Bjerre, Jonas Buhl"]
[Result "1-0"]
[WhiteElo "2627"]
[BlackElo "2550"]
[Annotator "TA"]
[PlyCount "149"]
[EventDate "2021.04.08"]
[EventType "tourn"]
[EventCountry "NET"]
[SourceTitle "playchess.com"]
[Source "ChessBase"]
[SourceQuality "1"]

{[%evp 17,149,15,16,15,25,17,9,0,0,0,0,0,0,-7,3,-6,-8,-14,0,0,0,-26,18,37,25,16,15,16,29,0,19,0,95,79,114,105,125,113,237,233,225,75,157,158,166,85,88,87,88,66,73,75,74,71,72,64,71,73,74,65,59,63,78,14,14,8,228,9,19,8,8,0,29,34,44,14,22,14,20,20,38,38,42,42,42,42,30,30,30,-14,179,84,59,45,445,445,376,284,284,268,268,267,437,444,444,444,444,444,900,889,868,842,836,811,720,734,1534,1675,1668,1476,29968,29970,29966,6385,4134,3369,29972,29973,29973,29973,29973,29971,29972,29972]} 1. e4 c5 2. Nf3 d6 3. d4 cxd4 4. Nxd4 Nf6 5. Nc3 a6 6. Be2 e5 7. Nb3 Be7 8. Bg5 Be6 9. Bxf6 Bxf6 10. Qd3 {B92: Sicilian Najdorf: 6 Be2.} Be7 11. O-O-O Nd7 12. Nd5 {The position is equal.} Bxd5 13. Qxd5 Qc7 14. Kb1 O-O 15. Nd2 Nf6 16. Qd3 Rfd8 17. Bf3 Rac8 {[#]} 18. c3 $146 ({Predecessor:} 18. Rhe1 Qb6 19. Re2 Rc5 20. Nc4 Qb4 21. Ne3 g6 22. h4 h5 23. g3 Qa4 24. Bg2 Ra5 25. Qb3 Qc6 26. Qc4 Rb5 27. f4 exf4 28. gxf4 Ng4 29. Rh1 {½-½ (29) Efroimski,M (2255)-Ushenina,A (2426) Skopje 2015}) 18... b5 19. Rhe1 a5 20. Qxb5 Rb8 21. Qa4 Qxc3 {[%csl Gb8][%cal Rc3b2]} 22. Nb3 Qc7 23. Rc1 Qb6 24. Re2 d5 (24... Ra8 $11 {keeps the balance.}) 25. exd5 $1 $16 {[%mdl 64] Discovered Attack} e4 ({Not} 25... Nxd5 $2 26. Rxe5 Qg6+ 27. Be4 $18) 26. Bxe4 Nxe4 27. Qxe4 ({Don't play} 27. Rxe4 Qg6 $14) 27... Bf6 (27... Bf8 $16) 28. Rc6 $18 Qb5 29. Qc4 (29. Nc5 $18) 29... Rxd5 (29... Qxc4 $142 30. Rxc4 Rxd5) 30. Qxb5 $16 Rdxb5 {[#]} 31. Rc5 ({White should try} 31. Ra6 $1 $18) 31... h5 32. Rxb5 Rxb5 {[%mdl 4096] Endgame KRB-KRN} 33. Re4 h4 34. Kc2 Rf5 35. f4 g5 36. fxg5 Rxg5 37. Re2 a4 38. Nd2 Rc5+ 39. Kb1 Bg5 40. a3 (40. b4 $16 axb3 41. axb3) 40... f5 $1 $11 41. Nf3 Rc1+ 42. Ka2 Bf6 43. h3 Kg7 44. Ne1 (44. Ne5 {keeps more tension.} Rd1 45. Nc4 f4 46. Rf2 Rg1 47. Nd2) 44... Kg6 (44... Rd1 {feels hotter.} 45. Nc2 Rd3 46. Nb4 Rd1 47. Na6 Rc1) 45. Nd3 Rc4 46. Kb1 Rd4 47. Kc2 Rc4+ 48. Kd2 Rd4 49. Re6 Kf7 50. Rb6 Bg5+ 51. Ke2 Re4+ 52. Kf1 Bf6 53. Rb4 Re3 $2 {[#]} (53... Rxb4 $11 {and Black stays safe.} 54. Nxb4 (54. axb4 Bxb2 55. b5 a3 $17) 54... Bxb2) 54. Nf4 (54. Nc5 $1 $18 {and White stays clearly on top.}) 54... Be5 55. Kf2 Bxf4 {[%mdl 8192] White stays focused until the end.} (55... Re4 $14 56. Rb7+ Kf6 57. Rb6+ Kf7 58. Rb7+ Kf6) 56. Rxf4 $14 {[%mdl 64] Double Attack. KR-KR} Rb3 57. Rxf5+ Kg6 58. Rf4 Rxb2+ 59. Kg1 Kh5 $2 (59... Rb1+ 60. Kh2 Ra1 61. Rxa4 Kf5 62. Rxh4 Rxa3) 60. Rxa4 $18 Ra2 61. Ra8 Kg5 62. a4 {[%cal Ba3a4,Ba4a5][%mdl 32]} Kg6 (62... Kf5 $142 63. a5 Kf6) 63. Rg8+ Kh5 64. Rg4 Rb2 65. Kf1 Rd2 66. Ke1 Rd8 67. a5 Re8+ 68. Kf2 Rf8+ 69. Ke3 Re8+ 70. Kf3 (70. Re4 $142 Ra8 71. Ra4 Kg5 72. a6 Kf6 73. Kd4 Ke7 74. Kc5 Kd7 75. a7) 70... Rf8+ 71. Rf4 Rg8 72. Ra4 {White mates.} Rf8+ 73. Ke4 Kg5 74. Ke5 Rf1 75. a6 {Weighted Error Value: White=0.16/Black=0.36} 1-0

[Event "Polgar Challenge 2021"]
[Site "Online"]
[Date "2021.04.04"]
[Round "6.5"]
[White "Murzin, Volodar"]
[Black "Shuvalova, Polina"]
[Result "1-0"]
[WhiteElo "2478"]
[BlackElo "2476"]
[Annotator "TA"]
[PlyCount "175"]
[EventDate "2021.04.08"]
[EventType "tourn"]
[EventCountry "NET"]
[SourceTitle "playchess.com"]
[Source "ChessBase"]
[SourceQuality "1"]

{[%evp 16,175,16,8,20,-11,-11,-10,-10,-21,-12,-14,-18,-41,-28,-40,-31,-41,-31,-12,-35,-32,-38,-41,-28,-112,0,-83,45,-60,-60,-60,-60,-56,-54,-69,-74,-102,-103,-212,-48,-135,-29,-60,-4,-108,0,0,0,-65,-45,-41,-7,-6,-8,-7,0,-105,-87,-104,-8,-8,-10,0,37,0,0,0,0,0,0,0,0,-29,-11,-11,16,16,16,2,16,0,16,0,33,41,116,0,77,77,77,77,77,0,77,77,77,76,77,77,77,77,77,77,77,77,77,43,43,0,0,0,0,0,0,0,0,0,0,0,0,0,0,0,0,0,0,0,0,0,7,7,8,8,8,0,8,0,29971,29975,29981,29982,29982,29983,29983,29980,29984,29985,29985,29986,29986,29981,29981,29982,29982,29983,29983,29984,29988,29983,29986,29986]} 1. e4 e5 2. Nf3 Nc6 3. Bb5 a6 4. Ba4 Nf6 5. d3 d6 6. c3 g6 7. O-O Bg7 8. Nbd2 O-O 9. Re1 Re8 {C77: Ruy Lopez: 3...a6 4 Ba4 Nf6, unusual lines.} 10. d4 b5 11. Bc2 exd4 {The position is equal.} 12. cxd4 Nb4 13. Bb1 c5 14. d5 {[#] next a3 is good for White.} a5 $146 ({Predecessor:} 14... c4 15. a3 Nd3 16. Bxd3 cxd3 17. Qb3 Ra7 18. Qxd3 Rae7 19. a4 Bd7 20. h3 bxa4 21. Qxa6 {0-1 (45) Wang,Y (2117)-Repka,C (2491) chess24.com INT 2021}) 15. a3 Na6 16. a4 Bd7 17. axb5 Bxb5 18. Ra3 Nb4 19. Nf1 a4 20. Bf4 {[#]} (20. Bg5 $11 {keeps the balance.}) 20... Qb6 (20... Nxe4 $1 $17 {[%mdl 512]} 21. Bxe4 Bxb2) 21. Qc1 (21. Ng3 $11) 21... Nd7 (21... Bxf1 $17 22. Kxf1 Nh5) 22. Ne3 (22. Bh6 $14) 22... c4 $1 $15 23. Ng4 Nd3 24. Bxd3 cxd3 25. Nh6+ Kf8 $1 26. Be3 {[#]} Rac8 $1 {[%mdl 512]} 27. Qd2 {[#]} (27. Bxb6 $2 Rxc1 28. Rxc1 Nxb6 $19) (27. Rc3 $17 {only move.} Rxc3 28. bxc3) (27. Rc3 Rxc3) 27... Nc5 $2 (27... Rc2 $1 $19 {[%cal Rc2d2][%mdl 512]} 28. Bxb6 Rxd2 29. Nxd2 Nxb6) 28. Qb4 (28. e5 $1 $15) 28... Na6 29. Qd2 $11 (29. Bxb6 $2 Nxb4 30. Ba5 Nc2 $19) 29... Qc7 (29... Qb7 $15 30. Bd4 Qe7) 30. Nd4 (30. Bg5 $11) 30... Qb7 ({Black should play} 30... Bxd4 $17 31. Bxd4 Rxe4) 31. f3 Nc5 32. Ng4 (32. Nxb5 $2 Qxb5 33. Bg5 Qxb2 $19) (32. Nhf5 $11 gxf5 33. Nxf5) 32... Bd7 $15 33. Nf2 Rb8 {Threatening ...Qb4.} 34. Nxd3 Nxd3 35. Qxd3 Qxb2 36. h3 (36. Raa1 $11 Rbc8 37. Ra3) 36... Rec8 $17 37. Nc6 Rb3 ({Better is} 37... Bxc6 $17 38. dxc6 Qb4) 38. Rxb3 $11 Qxb3 39. Qa6 Re8 40. Qa7 Bxc6 41. dxc6 a3 42. Bd4 a2 43. Bxg7+ Kxg7 {[%mdl 4096] Endgame KQR-KQR} 44. Kh2 (44. Qd4+ {with more complications.} Kg8 45. Rc1 Rc8 46. c7 Qb1 47. Qa1) 44... Qc3 45. Rd1 Qxc6 {Strongly threatening ...Ra8.} (45... Qb2 {looks sharper.} 46. c7 d5 47. exd5 Re2 48. Rg1 Rc2) 46. Qxa2 Qc5 47. Rd5 Qc3 48. Qf2 Re6 49. h4 h5 50. Qg3 Qf6 ({Black should try} 50... Qa3 $14) 51. Rxd6 Qe7 (51... Rxd6 $11 {remains equal.} 52. e5 {[%mdl 64] Double Attack} Qf5 53. exd6 Qf6) 52. Rd5 {aiming for Rxh5.} Kh7 53. Qf4 Qf6 54. Qg3 (54. Qg5 {feels hotter.} Qc3 55. Rd7 Kg7 56. Re7 Rf6 57. Re8) 54... Qe7 $1 55. Rg5 Qf6 56. Qb8 Qe7 57. Qf4 Qf6 58. Kg3 Qxf4+ 59. Kxf4 $16 {KR-KR} Ra6 60. Rd5 Ra2 61. g4 hxg4 62. fxg4 Rf2+ 63. Kg3 Re2 64. Kf3 Re1 65. h5 gxh5 66. gxh5 Kh6 67. Rf5 Rf1+ 68. Kg4 Re1 69. Kf4 Kg7 70. Ke5 Rh1 71. Rg5+ Kf8 $1 72. Kf6 Rf1+ 73. Rf5 Rh1 74. Ra5 {[%cal Ra5a8]} Rf1+ 75. Rf5 (75. Ke5 {is more complex.} Kg7 76. Ra6 f6+ 77. Kd4 Rd1+ 78. Ke3) 75... Rh1 76. e5 (76. Rd5 {keeps more tension.} Rf1+ 77. Kg5 Re1 78. Kf4 Kg7 79. Ke5) 76... Kg8 $2 {[%mdl 8192]} (76... Rh2 $11) 77. Ke7 {White mates.} Rg1 78. Rxf7 Rg5 79. e6 Rxh5 80. Rf1 Ra5 81. Rg1+ Kh7 82. Kf6 Ra2 83. e7 Rf2+ 84. Ke6 Re2+ 85. Kf7 Rf2+ {[#]} 86. Ke8 $1 Kh6 87. Rd1 Kg7 88. Kd8 {Weighted Error Value: White=0.30/Black=0.26} 1-0

[Event "Polgar Challenge 2021"]
[Site "Online"]
[Date "2021.04.04"]
[Round "6.6"]
[White "Mammadzada, Gunay"]
[Black "Yoo, Christopher Woojin"]
[Result "1/2-1/2"]
[WhiteElo "2443"]
[BlackElo "2455"]
[Annotator "ChessBase"]
[PlyCount "124"]
[EventDate "2021.04.08"]
[EventType "tourn"]
[EventCountry "NET"]
[SourceTitle "playchess.com"]
[Source "ChessBase"]
[SourceQuality "1"]
[TimeControl "600+5"]

1. e4 {[%emt 0:00:00]} c5 {[%emt 0:00:00]} 2. Nf3 {[%emt 0:00:06]} e6 {[%emt 0:00:01]} 3. d4 {[%emt 0:00:02]} cxd4 {[%emt 0:00:01]} 4. Nxd4 {[%emt 0:00:02]} Nf6 {[%emt 0:00:02]} 5. Nc3 {[%emt 0:00:02]} Qb6 {[%emt 0:00:06]} 6. a3 {[%emt 0:03:59]} Nc6 {[%emt 0:01:36]} 7. Nb3 {[%emt 0:00:29]} Qc7 {[%emt 0:00:55]} 8. Be3 {[%emt 0:00:24]} Be7 {[%emt 0:01:19]} 9. Be2 {[%emt 0:01:36]} O-O {[%emt 0:00:06]} 10. O-O {[%emt 0:00:01]} a6 {[%emt 0:01:26]} 11. f4 {[%emt 0:00:06]} b5 {[%emt 0:00:28]} 12. e5 {[%emt 0:00:37]} Ne8 {[%emt 0:00:02]} 13. Bd3 {[%emt 0:00:17]} d6 {[%emt 0:00:58]} 14. Be4 {[%emt 0:01:21]} Bb7 {[%emt 0:00:41]} 15. Qh5 {[%emt 0:01:36]} g6 {[%emt 0:01:24]} 16. Qe2 {[%emt 0:00:02]} Ng7 {[%emt 0:00:27]} 17. exd6 {[%emt 0:00:08]} Bxd6 {[%emt 0:00:02]} 18. Nc5 {[%emt 0:00:11]} Nd4 {[%emt 0:00:55]} 19. Bxd4 {[%emt 0:00:10]} Bxc5 {[%emt 0:00:02]} 20. Bxc5 {[%emt 0:00:03]} Qxc5+ {[%emt 0:00:00]} 21. Kh1 {[%emt 0:00:01]} Bd5 {[%emt 0:00:16]} 22. Nxd5 {[%emt 0:00:13]} exd5 {[%emt 0:00:00]} 23. Bd3 {[%emt 0:00:01]} Rfe8 {[%emt 0:00:07]} 24. Qg4 {[%emt 0:00:05]} f5 {[%emt 0:00:12]} 25. Qf3 {[%emt 0:00:03]} Re3 {[%emt 0:00:06]} 26. Qf2 {[%emt 0:00:01]} d4 {[%emt 0:00:05]} 27. b4 {[%emt 0:00:10]} Qd6 {[%emt 0:00:12]} 28. a4 {[%emt 0:00:03]} Rb8 {[%emt 0:00:04]} 29. axb5 {[%emt 0:00:04]} axb5 {[%emt 0:00:00]} 30. Qd2 {[%emt 0:00:02]} Ne6 {[%emt 0:00:08]} 31. Rae1 {[%emt 0:00:27]} Rxe1 {[%emt 0:00:22]} 32. Qxe1 {[%emt 0:00:00]} Nc7 {[%emt 0:00:09]} 33. Qa1 {[%emt 0:00:10]} Ra8 {[%emt 0:00:09]} 34. Qb2 {[%emt 0:00:03]} Ra4 {[%emt 0:00:04]} 35. Bxb5 {[%emt 0:00:09]} Qxb4 {[%emt 0:00:08]} 36. Qb3+ {[%emt 0:00:09]} Qxb3 {[%emt 0:00:03]} 37. cxb3 {[%emt 0:00:00]} Ra2 {[%emt 0:00:11]} 38. Bc4+ {[%emt 0:00:00]} Kg7 {[%emt 0:00:02]} 39. Rd1 {[%emt 0:00:12]} Kf6 {[%emt 0:00:14]} 40. Kg1 {[%emt 0:00:02]} Ne6 {[%emt 0:00:08]} 41. Bxe6 {[%emt 0:00:04]} Kxe6 {[%emt 0:00:00]} 42. Rxd4 {[%emt 0:00:01]} Rb2 {[%emt 0:00:01]} 43. Rb4 {[%emt 0:00:12]} Kf6 {[%emt 0:00:02]} 44. h3 {[%emt 0:00:00]} h5 {[%emt 0:00:05]} 45. Rb6+ {[%emt 0:00:07]} Kg7 {[%emt 0:00:02]} 46. h4 {[%emt 0:00:03]} Kh7 {[%emt 0:00:03]} 47. Kh2 {[%emt 0:00:01]} Kg7 {[%emt 0:00:04]} 48. Kg3 {[%emt 0:00:01]} Rc2 {[%emt 0:00:06]} 49. Kf3 {[%emt 0:00:10]} Rc3+ {[%emt 0:00:05]} 50. Kf2 {[%emt 0:00:08]} Rc2+ {[%emt 0:00:01]} 51. Kg3 {[%emt 0:00:01]} Rc3+ {[%emt 0:00:02]} 52. Kh2 {[%emt 0:00:01]} Rc2 {[%emt 0:00:02]} 53. b4 {[%emt 0:00:01]} Rc4 {[%emt 0:00:07]} 54. Kg3 {[%emt 0:00:10]} Rc3+ {[%emt 0:00:02]} 55. Kf2 {[%emt 0:00:01]} Rc2+ {[%emt 0:00:01]} 56. Kf3 {[%emt 0:00:06]} Rc3+ {[%emt 0:00:02]} 57. Ke2 {[%emt 0:00:19]} Rc2+ {[%emt 0:00:17]} 58. Kf3 {[%emt 0:00:09]} Rc3+ {[%emt 0:00:01]} 59. Kf2 {[%emt 0:00:03]} Rc2+ {[%emt 0:00:02]} 60. Kg3 {[%emt 0:00:06]} Rc3+ {[%emt 0:00:01]} 61. Kh2 {[%emt 0:00:01]} Rc4 {[%emt 0:00:01]} 62. Kg3 {[%emt 0:00:10]} Rc3+ {[%emt 0:00:02]} 1/2-1/2

[Event "Polgar Challenge 2021"]
[Site "Online"]
[Date "2021.04.04"]
[Round "6.7"]
[White "Nihal Sarin"]
[Black "Liang, Awonder"]
[Result "1-0"]
[WhiteElo "2620"]
[BlackElo "2592"]
[Annotator "TA"]
[PlyCount "45"]
[EventDate "2021.04.08"]
[EventType "tourn"]
[EventCountry "NET"]
[SourceTitle "playchess.com"]
[Source "ChessBase"]
[SourceQuality "1"]

{[%evp 13,45,23,41,30,33,24,23,28,60,38,44,53,40,54,92,94,176,177,681,677,749,622,420,375,371,368,331,227,533,434,1787,1720,1539,1484]} 1. Nf3 c6 2. d4 Nf6 3. c4 d5 4. Nc3 e6 5. Bg5 Nbd7 6. e3 Qa5 7. Nd2 Be7 8. cxd5 {D52: Queen's Gambit Declined: Cambridge Springs Variation.} exd5 9. Bd3 Nf8 10. O-O {White has an edge.} Ng6 {[#]} 11. f4 $146 ({Predecessor:} 11. Rb1 O-O 12. Bxf6 Bxf6 13. b4 Qd8 14. b5 c5 15. Ne2 cxd4 16. Nxd4 Bxd4 17. exd4 {1-0 (46) Zwanowetz,T-Kuecher,W Imst 2008}) 11... h6 12. Bxf6 Bxf6 13. Qh5 O-O 14. Nf3 Ne7 {[#]} (14... Qb4 $16) 15. Ne4 $1 $18 {[%cal Re4f6][%mdl 576] Pin} Qd8 $2 (15... Be5) 16. Nxf6+ gxf6 17. Qxh6 {[%csl Gd3][%cal Rh6h7]} Bf5 18. Rad1 {[%cal Ba1d1,Bd1d3,Bd3g3][%mdl 32] Black must now prevent Nh4.} Bxd3 19. Rxd3 {[#] Strongly threatening Nh4.} Nf5 20. Qh3 Ng7 (20... Qc8 {is a better chance.} 21. Qg4+ Kh7 22. Qh5+ Nh6 23. Ng5+ Kg7) 21. Nh4 {White is clearly winning.} Qe7 (21... Qc8 $142 22. g4 Rd8) 22. e4 {Threatening mate with Rg3!} Qxe4 23. Rg3 {Weighted Error Value: White=0.22/Black=0.80} 1-0

[Event "Polgar Challenge 2021"]
[Site "Online"]
[Date "2021.04.04"]
[Round "6.8"]
[White "Badelka, Olga"]
[Black "Saduakassova, Dinara"]
[Result "1-0"]
[WhiteElo "2433"]
[BlackElo "2500"]
[Annotator "ChessBase"]
[PlyCount "79"]
[EventDate "2021.04.08"]
[EventType "tourn"]
[EventCountry "NET"]
[SourceTitle "playchess.com"]
[Source "ChessBase"]
[SourceQuality "1"]
[TimeControl "600+5"]

1. Nf3 {[%emt 0:00:00]} Nf6 {[%emt 0:00:00]} 2. g3 {[%emt 0:00:00]} c5 {[%emt 0:00:15]} 3. Bg2 {[%emt 0:00:08]} Nc6 {[%emt 0:00:03]} 4. O-O {[%emt 0:00:18]} g6 {[%emt 0:02:22]} 5. d4 {[%emt 0:00:23]} cxd4 {[%emt 0:02:46]} 6. Nxd4 {[%emt 0:05:05]} Bg7 {[%emt 0:00:04]} 7. c4 {[%emt 0:00:02]} O-O {[%emt 0:00:36]} 8. Nc3 {[%emt 0:00:04]} Nxd4 {[%emt 0:00:59]} 9. Qxd4 {[%emt 0:00:02]} d6 {[%emt 0:00:00]} 10. Qd2 {[%emt 0:00:15]} Qc7 {[%emt 0:00:18]} 11. b3 {[%emt 0:00:04]} Bd7 {[%emt 0:00:03]} 12. Bb2 {[%emt 0:00:02]} Bc6 {[%emt 0:00:01]} 13. Nd5 {[%emt 0:00:13]} Bxd5 {[%emt 0:00:10]} 14. cxd5 {[%emt 0:00:02]} Rac8 {[%emt 0:00:30]} 15. Rac1 {[%emt 0:00:03]} Qb6 {[%emt 0:00:28]} 16. e3 {[%emt 0:00:56]} Nd7 {[%emt 0:00:17]} 17. Bxg7 {[%emt 0:00:19]} Kxg7 {[%emt 0:00:03]} 18. h4 {[%emt 0:00:01]} Nf6 {[%emt 0:00:06]} 19. Rc2 {[%emt 0:00:16]} Rxc2 {[%emt 0:00:05]} 20. Qxc2 {[%emt 0:00:01]} Qc5 {[%emt 0:00:03]} 21. Qxc5 {[%emt 0:00:14]} dxc5 {[%emt 0:00:00]} 22. e4 {[%emt 0:00:01]} Nd7 {[%emt 0:00:04]} 23. f4 {[%emt 0:00:06]} Rd8 {[%emt 0:01:14]} 24. Rc1 {[%emt 0:00:38]} b6 {[%emt 0:00:19]} 25. e5 {[%emt 0:00:07]} h6 {[%emt 0:00:51]} 26. Kf2 {[%emt 0:00:26]} g5 {[%emt 0:00:03]} 27. Ke3 {[%emt 0:00:07]} a5 {[%emt 0:00:06]} 28. Be4 {[%emt 0:00:08]} Nf8 {[%emt 0:00:09]} 29. Rh1 {[%emt 0:00:52]} Rd7 {[%emt 0:00:09]} 30. hxg5 {[%emt 0:00:24]} hxg5 {[%emt 0:00:13]} 31. f5 {[%emt 0:00:02]} Ra7 {[%emt 0:00:02]} 32. a4 {[%emt 0:00:04]} Nd7 {[%emt 0:00:04]} 33. e6 {[%emt 0:00:07]} Nf6 {[%emt 0:00:02]} 34. Rd1 {[%emt 0:00:23]} Ra8 {[%emt 0:00:04]} 35. d6 {[%emt 0:00:03]} Nxe4 {[%emt 0:00:03]} 36. Kxe4 {[%emt 0:00:05]} Kf6 {[%emt 0:00:02]} 37. d7 {[%emt 0:00:13]} Rd8 {[%emt 0:00:02]} 38. exf7 {[%emt 0:00:01]} Kxf7 {[%emt 0:00:01]} 39. Ke5 {[%emt 0:00:01]} g4 {[%emt 0:00:06]} 40. Rd2 {[%emt 0:00:03]} 1-0

[Event "Polgar Challenge 2021"]
[Site "Online"]
[Date "2021.04.04"]
[Round "6.9"]
[White "Lei, Tingjie"]
[Black "Salimova, Nurgyul"]
[Result "1-0"]
[WhiteElo "2505"]
[BlackElo "2397"]
[Annotator "ChessBase"]
[PlyCount "69"]
[EventDate "2021.04.08"]
[EventType "tourn"]
[EventCountry "NET"]
[SourceTitle "playchess.com"]
[Source "ChessBase"]
[SourceQuality "1"]
[TimeControl "600+5"]

1. d4 {[%emt 0:00:00]} d5 {[%emt 0:00:00]} 2. c4 {[%emt 0:00:00]} c6 {[%emt 0:00:00]} 3. cxd5 {[%emt 0:00:39]} cxd5 {[%emt 0:00:00]} 4. Bf4 {[%emt 0:00:01]} Nc6 {[%emt 0:01:02]} 5. e3 {[%emt 0:00:03]} Nf6 {[%emt 0:00:08]} 6. Nc3 {[%emt 0:00:03]} a6 {[%emt 0:00:27]} 7. Be2 {[%emt 0:00:56]} e6 {[%emt 0:01:39]} 8. Rc1 {[%emt 0:00:12]} Bd6 {[%emt 0:00:29]} 9. Bxd6 {[%emt 0:00:19]} Qxd6 {[%emt 0:00:01]} 10. f4 {[%emt 0:00:22]} O-O {[%emt 0:00:26]} 11. Nf3 {[%emt 0:00:04]} Bd7 {[%emt 0:00:35]} 12. Ne5 {[%emt 0:00:09]} Rac8 {[%emt 0:00:22]} 13. O-O {[%emt 0:00:05]} Ne7 {[%emt 0:00:15]} 14. Bd3 {[%emt 0:01:37]} b5 {[%emt 0:00:18]} 15. Qe2 {[%emt 0:01:33]} b4 {[%emt 0:00:27]} 16. Nb1 {[%emt 0:00:03]} a5 {[%emt 0:00:10]} 17. Nd2 {[%emt 0:00:02]} a4 {[%emt 0:00:34]} 18. g4 {[%emt 0:00:22]} g6 {[%emt 0:00:41]} 19. g5 {[%emt 0:00:56]} Nh5 {[%emt 0:00:11]} 20. Ndf3 {[%emt 0:00:08]} Nf5 {[%emt 0:00:41]} 21. Nxd7 {[%emt 0:00:46]} Qxd7 {[%emt 0:00:14]} 22. Ne5 {[%emt 0:00:04]} Qa7 {[%emt 0:00:30]} 23. Bxf5 {[%emt 0:00:08]} exf5 {[%emt 0:00:04]} 24. Qb5 {[%emt 0:00:02]} Rxc1 {[%emt 0:00:16]} 25. Rxc1 {[%emt 0:00:02]} Nxf4 {[%emt 0:00:07]} 26. Nc6 {[%emt 0:01:26]} Nh3+ {[%emt 0:01:12]} 27. Kg2 {[%emt 0:00:56]} Qd7 {[%emt 0:00:07]} 28. Kxh3 {[%emt 0:00:15]} f4+ {[%emt 0:00:01]} 29. Kh4 {[%emt 0:00:02]} h5 {[%emt 0:00:18]} 30. h3 {[%emt 0:00:33]} Re8 {[%emt 0:00:18]} 31. Na7 {[%emt 0:00:03]} Qe6 {[%emt 0:00:31]} 32. Qxe8+ {[%emt 0:00:02]} Qxe8 {[%emt 0:00:01]} 33. Rc8 {[%emt 0:00:01]} Qxc8 {[%emt 0:00:03]} 34. Nxc8 {[%emt 0:00:01]} fxe3 {[%emt 0:00:36]} 35. Kg3 {[%emt 0:00:03]} 1-0

[Event "Polgar Challenge 2021"]
[Site "Online"]
[Date "2021.04.04"]
[Round "6.10"]
[White "Yip, Carissa"]
[Black "Praggnanandhaa R"]
[Result "0-1"]
[WhiteElo "2430"]
[BlackElo "2608"]
[Annotator "TA"]
[PlyCount "60"]
[EventDate "2021.04.08"]
[EventType "tourn"]
[EventCountry "NET"]
[SourceTitle "playchess.com"]
[Source "ChessBase"]
[SourceQuality "1"]

{[%evp 19,60,27,20,-16,-5,0,-17,-14,-15,-23,-18,-18,-10,-42,-41,-42,-37,-49,-49,-25,-26,-104,-104,-178,-177,-191,-188,-191,-189,-266,-215,-545,-543,-4986,-3531,-3439,-2640,-29988,-29989,-29989,-29990,-29990,-29988]} 1. e4 c5 2. Nf3 Nc6 3. d4 cxd4 4. Nxd4 Nf6 5. Nc3 d6 6. Bg5 e6 7. Qd2 a6 8. O-O-O Bd7 9. f4 b5 {[%cal Bb7b5,Bb5b4][%mdl 32]} 10. Nxc6 Bxc6 11. f5 {11.Qe1 is becoming the main line. B67: Sicilian: Richter-Rauzer: 7...a6 8 0-0-0 Bd7, lines without 9 f4 Be7.} b4 {[#]} 12. Bxf6 $146 ({Predecessor:} 12. Nd5 Nxe4 13. Bxd8 Nxd2 14. Nxb4 Nxf1 15. Rhxf1 Bb5 16. Bc7 Bxf1 17. Rxf1 Be7 18. fxe6 fxe6 {0-1 (43) Jewell,B (1531)-Phillips,G (1812) IECC email 2003}) 12... Qxf6 13. Ne2 {[%cal Re2d4] The position is equal.} Be7 ({But not} 13... Bxe4 $6 14. fxe6 fxe6 15. Qxb4 $16) 14. Nd4 Bxe4 {Hoping for ...e5.} 15. fxe6 fxe6 {Threatening ...0-0.} 16. Re1 (16. Bd3 $5 {[%cal Rd3e4]} Bd5 17. Kb1 $11) 16... Bd5 $36 {[%mdl 2048] White is under pressure.} 17. Bd3 O-O $1 (17... Qxd4 $2 18. Bg6+ $1 {[%mdl 512]} hxg6 19. Qxd4 $18) 18. Kb1 Qf7 19. Rhf1 Bf6 20. g4 Qd7 $17 21. Nb3 {[#]} (21. Qe3 $17) 21... a5 $1 $19 22. g5 Be5 23. Rxf8+ Rxf8 24. Nxa5 (24. Be4 $142) 24... Qa4 25. Nb3 $2 (25. Nc4 {nothing else works.}) 25... Ra8 26. Bxh7+ Kxh7 27. Qd3+ Kg8 28. Qh3 Qxa2+ {[%mdl 64] Double Attack. Black mates.} 29. Kc1 Qxb2+ 30. Kd1 Bxb3 {[%csl Gb3][%cal Rb2c2] Weighted Error Value: White=0.87/Black=0.04} 0-1